Statistics for 21 Most Remote Continental Capitals missing from Dotted World Map

Click here to take the quiz!

General Stats

  • This quiz has been taken 121 times
  • The average score is 117 of 152

Answer Stats

Distance Capital % Correct
732 kmOttawa
85%
Vaduz
81%
Lusaka
81%
Budapest
81%
Kiev
81%
Dakar
81%
Ouagadougou
81%
Minsk
81%
Stockholm
81%
Islamabad
81%
Georgetown
81%
London
81%
Porto-Novo
81%
Copenhagen
81%
Bucharest
81%
Helsinki
81%
San Salvador
81%
Freetown
81%
Thimphu
81%
Amsterdam
81%
Tunis
81%
Kampala
81%
Monaco
81%
Lilongwe
81%
Warsaw
81%
Gaborone
81%
Bangkok
81%
Tehran
81%
Madrid
81%
Riyadh
81%
Yerevan
81%
Djibouti
81%
Dushanbe
81%
Rome
81%
Kingston
81%
Vientiane
81%
Bishkek
81%
Amman
81%
Libreville
81%
Mbabane
81%
Manama
81%
Podgorica
81%
Lome
81%
Bern
81%
Vilnius
81%
Tbilisi
81%
Banjul
81%
Conakry
81%
Zagreb
81%
Bratislava
81%
Kinshasa
81%
Vatican City
81%
Jerusalem
81%
Skopje
81%
Damascus
81%
Tallinn
81%
Brussels
81%
Kigali
81%
Pretoria
81%
San Marino
81%
Beirut
81%
Sarajevo
81%
Prague
81%
Nairobi
81%
Abu Dhabi
81%
Luxembourg
81%
Tegucigalpa
81%
Vienna
81%
Bridgetown
81%
Guatemala City
81%
Sofia
81%
Tirana
81%
Seoul
81%
Buenos Aires
81%
Belgrade
81%
Malabo
81%
Baghdad
81%
Montevideo
81%
Brazzaville
81%
New Delhi
81%
Tripoli
81%
Baku
81%
Oslo
81%
Juba
81%
Pyongyang
81%
Niamey
81%
Antananarivo
81%
Chisinau
81%
Kuwait City
81%
Luanda
81%
Managua
81%
Hanoi
81%
Maseru
81%
Asmara
81%
Dhaka
81%
Lisbon
81%
732 kmWashington, D.C.
81%
Paramaribo
81%
Moscow
81%
Ljubljana
81%
Bamako
81%
Muscat
81%
Dodoma
81%
Tashkent
81%
Phnom Penh
81%
Harare
81%
Andorra La Vella
81%
Belmopan
81%
Yaounde
81%
Kathmandu
81%
Khartoum
81%
Maputo
81%
Cairo
81%
Pristina
81%
Rabat
81%
Sana'A
81%
Doha
81%
Algiers
81%
Bissau
81%
Yamoussoukro
81%
Riga
81%
Panama City
81%
Accra
81%
Athens
81%
Addis Ababa
81%
Ashgabat
81%
Nouakchott
81%
Kabul
81%
Paris
81%
Monrovia
81%
Berlin
81%
Bujumbura
81%
Abuja
81%
1,139 kmSantiago
77%
1,460 kmBrasília
77%
1,316 kmLima
72%
1,048 kmSucre
64%
1,058 kmMexico City
62%
1,170 kmUlaanbaatar
60%
810 kmBeijing
60%
1,026 kmCaracas
58%
728 kmQuito
58%
728 kmBogotá
58%
1,034 kmAsunción
56%
954 kmAstana
53%
929 kmWindhoek
49%
892 kmN'Djamena
36%
997 kmKuala Lumpur
28%
709 kmNaypyidaw
23%
783 kmBangui
19%
709 kmAnkara
18%
1,017 kmMogadishu
12%

Score Distribution

Percentile by Number Answered

Percent of People with Each Score

Your Score History

You have not taken this quiz